000 00461nam a2200181Ia 4500
005 20250508153919.0
008 008 250505s9999 xx 000 0 hin d
037 _aTextual
040 _aFEDL
_beng
_cFEDL
041 _ahin
_2hin
084 _a891.432
_qFEDL
100 _aRay
245 0 _aUs par
260 _aBombay, India
_bHindi Granth Ratnakar Karyalay
_c1953
300 _a143p.
942 _cTEXL
_h891.432
999 _c1346338
_d1346338